Rukoväť audítorských štandardov

Pokračovanie príspevku z predchádzajúceho čísla. Medzinárodný audítorský štandard (ISA) 240 - Zodpovednosť audítora týkajúca sa podvodu pri audite finančných výkazov.

Salvato in:
Dettagli Bibliografici
Autore principale: Krišková, Petra, 1981-
Altri autori: Kareš, Ladislav
Natura: Capitolo di libro
Lingua:slovacco
Soggetti:
Tags: Aggiungi Tag
Nessun Tag, puoi essere il primo ad aggiungerne!!

MARC

LEADER 00000naa a2200000 4500
001 0227732
005 20240502073742.7
041 0 |a slo 
044 |a SK 
245 1 0 |a Rukoväť audítorských štandardov  |c Petra Krišková, Ladislav Kareš 
520 |a Pokračovanie príspevku z predchádzajúceho čísla. Medzinárodný audítorský štandard (ISA) 240 - Zodpovednosť audítora týkajúca sa podvodu pri audite finančných výkazov. 
610 2 0 |a štandardy audítorské medzinárodné 
610 2 0 |a audítori 
610 2 0 |a audítorstvo 
610 2 0 |a výkazy finančné 
610 2 0 |a podvody 
100 1 |a Krišková, Petra, 1981- 
700 1 |a Kareš, Ladislav